<?xml version="1.0" encoding="UTF-8"?>
<collection xmlns:xsi="http://www.w3.org/2001/XMLSchema-instance" xsi:schemaLocation="http://www.loc.gov/MARC21/slim http://www.loc.gov/standards/marcxml/schema/MARC21slim.xsd" xmlns="http://www.loc.gov/MARC21/slim">
 <record>
  <leader>00000cam a22000004i 4500</leader>
  <controlfield tag="001">UP-8027390931312459314</controlfield>
  <controlfield tag="003">Buklod</controlfield>
  <controlfield tag="005">20250626111540.0</controlfield>
  <controlfield tag="006">o--- |     ||   ||</controlfield>
  <controlfield tag="007">ta</controlfield>
  <controlfield tag="008">131018s2014    enkm    rb   a001 0|eng d</controlfield>
  <datafield tag="020" ind1=" " ind2=" ">
   <subfield code="a">9781444332360 (pbk.)</subfield>
  </datafield>
  <datafield tag="035" ind1=" " ind2=" ">
   <subfield code="a">(iLib)UPCEB-00009806263</subfield>
  </datafield>
  <datafield tag="040" ind1=" " ind2=" ">
   <subfield code="a">DLC</subfield>
   <subfield code="e">rda</subfield>
   <subfield code="b">eng</subfield>
   <subfield code="c">DLC</subfield>
   <subfield code="d">YDX</subfield>
   <subfield code="d">BTCTA</subfield>
   <subfield code="d">OCLCF</subfield>
   <subfield code="d">YDXCP</subfield>
   <subfield code="d">UKMGB</subfield>
   <subfield code="d">OCLCO</subfield>
   <subfield code="d">BDX</subfield>
   <subfield code="d">OSU</subfield>
   <subfield code="d">UtOrBLW</subfield>
  </datafield>
  <datafield tag="041" ind1="0" ind2=" ">
   <subfield code="a">eng</subfield>
  </datafield>
  <datafield tag="082" ind1="0" ind2="0">
   <subfield code="a">302.23</subfield>
   <subfield code="2">23</subfield>
  </datafield>
  <datafield tag="090" ind1=" " ind2="4">
   <subfield code="a">P 90</subfield>
   <subfield code="b">I58 2014</subfield>
  </datafield>
  <datafield tag="245" ind1="1" ind2="0">
   <subfield code="a">Intercultural communication for everyday life</subfield>
   <subfield code="c">John R. Baldwin, Robin R. Means Coleman, Alberto Gonzalez, and Suchitra Shenoy-Packer.</subfield>
  </datafield>
  <datafield tag="264" ind1=" " ind2="1">
   <subfield code="a">Malden, MA</subfield>
   <subfield code="b">Wiley Blackwell</subfield>
   <subfield code="c">2014</subfield>
  </datafield>
  <datafield tag="300" ind1=" " ind2=" ">
   <subfield code="a">xix, 350 pages</subfield>
   <subfield code="c">25 cm.</subfield>
  </datafield>
  <datafield tag="500" ind1=" " ind2=" ">
   <subfield code="a">Dr. Belinda F. Espiritu (Recommending faculty) :  BA Mass Communication Program</subfield>
  </datafield>
  <datafield tag="504" ind1=" " ind2=" ">
   <subfield code="a">Includes bibliographical references and index.</subfield>
  </datafield>
  <datafield tag="505" ind1="0" ind2=" ">
   <subfield code="a">Pt. 1.  Foundations -- A rationale for studying intercultural communication -- Action, ethics, and research -- Origins -- Pt. 2.  Elements -- Subjective culture -- Identity : Struggle, resistance, and solidarity -- Intolerance - acceptance - appreciation -- Pt. 3.  Messages -- Verbal communication -- Nonverbal communication -- Rhetoric and culture -- Culture, communication, and media -- Pt. 4.  Contexts -- Global media, global cultures -- Adaptation and intercultural competence -- Relationships and conflict -- The political context -- Intercultural communication in international organizational contexts.</subfield>
  </datafield>
  <datafield tag="520" ind1=" " ind2=" ">
   <subfield code="a">Written for students studying intercultural communication for the first time, this textbook gives a thorough introduction to inter- and cross-cultural concepts with a focus on practical application and social action.  The book brings together a group of authors from diverse backgrounds (rhetoric, media studies, organizational approaches, and interpersonal communication) to present a broad view of &quot;communication&quot; that incorporates scientific, humanistic, and critical theories.</subfield>
  </datafield>
  <datafield tag="600" ind1="1" ind2="0">
   <subfield code="a">Baldwin, John R.</subfield>
   <subfield code="d">1960-</subfield>
   <subfield code="e">editor.</subfield>
  </datafield>
  <datafield tag="650" ind1=" " ind2="0">
   <subfield code="a">Communication</subfield>
   <subfield code="x">Philosophy.</subfield>
  </datafield>
  <datafield tag="650" ind1=" " ind2="0">
   <subfield code="a">Intercultural communication.</subfield>
  </datafield>
  <datafield tag="905" ind1=" " ind2=" ">
   <subfield code="a">FO</subfield>
  </datafield>
  <datafield tag="852" ind1="0" ind2=" ">
   <subfield code="a">UPCEB</subfield>
   <subfield code="b">CEBU-LAHUG</subfield>
   <subfield code="h">P 90 I58 2014</subfield>
  </datafield>
  <datafield tag="942" ind1=" " ind2=" ">
   <subfield code="a">Book</subfield>
  </datafield>
 </record>
</collection>
